Todo depende /

Guardado en:
Autor Principal: Mateo, José Manuel
Otros Autores: Sada, Margarita; il.
Formato: Libro
Publicado: Buenos Aires : V&r, 2013
Materias:
Etiquetas: Agregar Etiqueta
Sin Etiquetas, Sea el primero en etiquetar este registro!
LEADER 00762nam a22002535a 4500
001 CEM.cems015544
005 20191211192428.0
008 130507s2013##################000#0#####d
003 CEMS
020 |a 9789876125536 
082 0 4 |a M868.4 
100 1 |a Mateo, José Manuel 
245 1 0 |a Todo depende /  |c José Manuel Mateo ; ilustrado Por Margarita Sada 
260 |a Buenos Aires :  |b V&r,  |c 2013 
300 |a 48 p. 
653 |a Literatura 
653 |a Literatura mejicana 
653 |a Literatura mexicana 
653 |a Literatura infantil 
653 |a Cuentos infantiles 
653 |a Colección ciencias de la educación 
653 |a Libro Álbum 
700 1 |a Sada, Margarita; il. 
859 |a CEMS  |b BIB. CEMS - Ccias. Educacion  |h M868.4  |i M417  |k CE  |p 28971.19  |t Ej.1